00661nam a22001937a 4500008004100000040001800041041000800059100002800067245011900095250001200214260005300226300001800279650002100297650002500318650002100343650002000364650004200384650004100426130821s1927 fr gr fre  aCo-BoUCMbspa00afre aZweig, Stefan,1881-194200aBalzac - DickensbDeux grands romanciers du XIXesièclecStefan Zweig ; Traduit par Alzir Hella et Oliver Bournac a3a. ed. aParís (Francia)bF. Paillart A Abbevillec1927 a145 páginas04aEnsayos alemanes04aHistoria y crítica04aNovela austriaca04aNovela francesa04aNovela francesaxHistoria y crítica04aNovela inglesaxHistoria y crítica